Introduction to psychology (Record no. 173400)
[ view plain ]
| 000 -LEADER | |
|---|---|
| fixed length control field | 00529nam a2200205Ia 4500 |
| 003 - CONTROL NUMBER IDENTIFIER | |
| control field | OSt |
| 005 - DATE AND TIME OF LATEST TRANSACTION | |
| control field | 20230619161413.0 |
| 008 - FIXED-LENGTH DATA ELEMENTS--GENERAL INFORMATION | |
| fixed length control field | 210423s1993 xx 000 0 und d |
| 040 ## - CATALOGING SOURCE | |
| Transcribing agency | AL |
| 041 ## - LANGUAGE CODE | |
| Language code of text/sound track or separate title | eng |
| 082 ## - DEWEY DECIMAL CLASSIFICATION NUMBER | |
| Classification number | 150 |
| Edition number | 23 |
| Item number | MORI |
| 100 ## - MAIN ENTRY--PERSONAL NAME | |
| Personal name | MORGAN (Clifford T);others |
| 9 (RLIN) | 114947 |
| 245 ## - TITLE STATEMENT | |
| Title | Introduction to psychology |
| 260 ## - PUBLICATION, DISTRIBUTION, ETC. | |
| Place of publication, distribution, etc. | New Delhi |
| Name of publisher, distributor, etc. | Tata McGrawhill |
| Date of publication, distribution, etc. | 1993 |
| 365 ## - TRADE PRICE | |
| Price amount | 315 |
| Currency code | INR |
| 650 ## - SUBJECT ADDED ENTRY--TOPICAL TERM | |
| Topical term or geographic name entry element | Philosophy |
| 9 (RLIN) | 114948 |
| 650 ## - SUBJECT ADDED ENTRY--TOPICAL TERM | |
| Topical term or geographic name entry element | Psychology |
| 9 (RLIN) | 114949 |
| 906 ## - LOCAL DATA ELEMENT F, LDF (RLIN) | |
| a | Introduction ; psychology |
| 942 ## - ADDED ENTRY ELEMENTS (KOHA) | |
| Source of classification or shelving scheme | Dewey Decimal Classification |
| Koha item type | Book |
| Withdrawn status | Lost status | Damaged status | Not for loan | Collection code | Home library | Current library | Date acquired | Source of acquisition | Cost, normal purchase price | Total Checkouts | Full call number | Barcode | Date last seen | Date last checked out | Price effective from | Koha item type |
|---|---|---|---|---|---|---|---|---|---|---|---|---|---|---|---|---|
| MSW | St Aloysius PG Library | St Aloysius PG Library | 11/11/2002 | Higginbothams Pvt Ltd | 315.00 | 2 | 150 MORI | PG019992 | 10/24/2024 | 10/24/2024 | 04/26/2021 | Book | ||||
| MSW | St Aloysius PG Library | St Aloysius PG Library | 11/11/2002 | Higginbothams Pvt Ltd | 315.00 | 1 | 150 MORI | PG019993 | 08/24/2022 | 11/25/2021 | 04/26/2021 | Book |